00380nam a2200157Ia 4500003000400000005001700004008004100021040000700062041000800069082002100077100002500098245003400123260003900157300001200196365001400208OSt20230324115355.0210423s2001 xx 000 0 und d cAL aeng a659.2 223bHEAR aHEATH (Robert L),Ed. aHandbook of public relations. aNew DelhibSage Publicationsc2001 axiv,802 b2891cINR